| 000 | 006270000a22002170004500 | ||
|---|---|---|---|
| 003 | LK-CoMWRAF | ||
| 005 | 20231022143259.0 | ||
| 008 | 230817t1996 ||||| |||| 00| 0 eng d | ||
| 020 | _a817036552x | ||
| 040 |
_aLK-CoMWRAF _dLK-CoMWRAF _eLK-CoMWRAF |
||
| 041 | _aeng | ||
| 082 |
_a346.5401 _bKAP |
||
| 100 | _aKapur, Ratna | ||
| 245 |
_aSubversive Sites: _bfeminist engagements with law in India |
||
| 260 |
_aNew Delhi: _bSage Publications, _c1996 |
||
| 300 |
_a352 p. ; 22 cm. _bindex included |
||
| 650 | _aWOMEN-Legal status, laws | ||
| 650 | W | _aFeminist jurisprudence--India. | |
| 700 | _aCossman, Brenda | ||
| 942 | _cBK | ||
| 999 |
_c140 _d140 |
||